[Event "Imperia op 26th"]
[Site "Imperia"]
[Date "1984.09.01"]
[Round "1"]
[White "Levi, Eddy"]
[Black "Gualtieri, Gaetano"]
[Result "1-0"]
[WhiteElo "2200"]
[BlackElo "2013"]
[PlyCount "69"]
[EventDate "1984.09.01"]
[EventType "swiss"]
[EventRounds "9"]
[EventCountry "ITA"]
[SourceTitle "EXT 2024"]
[Source "ChessBase"]
[SourceDate "2023.10.10"]
[SourceVersion "1"]
[SourceVersionDate "2023.10.10"]
[SourceQuality "1"]

1. e4 c6 2. c4 d5 3. cxd5 cxd5 4. exd5 Nf6 5. Qa4+ Nbd7 6. Nc3 g6 7. h4 Bg7 8. h5 Nxh5 9. g4 Nhf6 10. g5 Ng8 11. d4 h6 12. Nf3 hxg5 13. Rxh8 Bxh8 14. Bxg5 Ngf6 15. 0-0-0 Kf8 16. d6 exd6 17. Bd3 Nb6 18. Qc2 Bg4 19. Rh1 Bg7 20. Nh4 Rc8 21. Be4 Qd7 22. Bxg6 fxg6 23. Qxg6 Nbd5 24. Bxf6 Nxf6 25. Kb1 Be6 26. Rg1 d5 27. f4 Ne4 28. f5 Bf7 29. Qxg7+ Ke8 30. Nxe4 dxe4 31. Qh8+ Ke7 32. Qe5+ Kd8 33. Qh8+ Ke7 34. Ng6+ Bxg6 35. Qe5+ 1-0